=LDR 00000nam 2200000 4500 =001 INLIS000000000012222 =005 20130612103747 =008 ***********************************Ind** =035 ##$$a0010-061300000012222 =041 ##$$a Ind =082 ##$$a 572 =090 ##$$a 572, Fis p =100 ##$$a Fischer, H. TH =245 ##$$a Pengantar anthropologi kebudayaan indonesia, H.TH.Fischer ; terjemahan, Anas Makruf =260 ##$$a 1980 $b Jakarta =300 ##$$a 198 hlm, 21 cm =650 ##$$a Ras Manusia =700 ##$$a Makruf, Anas =850 ##$$a NBPNMAT =990 ##$$a 0001/BPAP-NTB/20142014